Visiones de la X región de Los Lagos, como desafío para la universidad

محفوظ في:
التفاصيل البيبلوغرافية
مؤلف مشترك: Universidad de Los Lagos (مؤلف)
التنسيق: كتاب
اللغة:الإسبانية
منشور في: Osorno Centro de Estudios Universitarios 1998
الموضوعات:
الوسوم: إضافة وسم
لا توجد وسوم, كن أول من يضع وسما على هذه التسجيلة!

MARC

LEADER 00000nam a2200000 a 4500
001 UCP0936
003 CL-VaPUC
005 20230908151715.0
008 990326e19980000cl 1 spa d
082 0 4 |a 378.983  |b UNI  |2 21 
110 2 |a Universidad de Los Lagos  |e author  |9 619381 
245 1 0 |a Visiones de la X región de Los Lagos, como desafío para la universidad 
260 |a Osorno  |b Centro de Estudios Universitarios  |c 1998 
300 |a 60 p 
583 |a last modification  |c 19990326 00:00:00  |k Rodrigo Vera 
650 0 0 |a Educación superior   |9 223851 
650 0 0 |a Desarrollo social  |9 264534 
650 0 0 |a Desarrollo regional  |9 354599 
651 7 |a CHILE  |2 CL-VaPUC  |9 619382 
942 |c BK 
945 |a rbrito  |d 19990326 00:00:00 
546 |a En Español 
536 |a Consejo Social Universidad de Los Lagos 
518 |p Seminario Visiones de la X región de Los Lagos, como desafio para la universidad, Osorno, 1997 
999 |c 383369  |d 383367 
952 |0 0  |1 0  |4 0  |6 378_983000000000000_UNI_1998  |7 0  |8 A  |9 505466  |a BIBEDU  |b BIBEDU  |d 2020-01-23  |i 3470024  |o 378.983 UNI 1998  |p 3470024  |r 2020-01-23  |w 2020-01-23  |y BK  |k EDU